000 00582nam a22001457a 4500
020 _a0-553-29742-2
082 _a823
_bFOR/D
100 _aFORSYTH,FREDERICK
245 _aTHE DECEIVER
260 _aNEW YORK
_bBANTAM BOOKS
300 _a480
520 _aBut times have changed and mavericks like McCready are an endangered species. Now, before a panel of his peers, McCready must defend his unorthodox exploits or face dismissal. What hangs in the balance is not only his own career, but the very future of British intelligence.
650 _aENGLISH NOVEL
_zNEW YORK
942 _cBK
999 _c3234
_d3234